Central Library OPAC University of Rajshahi
Normal view MARC view

Entry Geographic Name

Number of records used in: 2

001 - CONTROL NUMBER

  • control field: 11899

003 - CONTROL NUMBER IDENTIFIER

  • control field: BD-RjUL

005 - DATE AND TIME OF LATEST TRANSACTION

  • control field: 20240225124358.0

008 - FIXED-LENGTH DATA ELEMENTS

  • fixed length control field: 240225|| aca||aabn | a|a d

040 ## - CATALOGING SOURCE

  • Original cataloging agency: BD-RjUL
  • Transcribing agency: BD-RjUL

151 ## - HEADING--GEOGRAPHIC NAME

  • Geographic name: India
  • Geographic subdivision: Punjab

670 ## - SOURCE DATA FOUND

  • Source citation: Work cat.: (BD-RjUL)83152: Rashid, K. A. (Khwaja Abdul), 1912- 11896, ‏تذكره شعراى پنجاب /‏ =Taz̲kirah-i shuʻarā-yi Panjāb= Tadhkira Shu'ra-i punjab‏ , 1346 [1967]